Statistics for Random South Asian Cities by Wikipedia Description

Click here to take the quiz!

General Stats

  • This quiz has been taken 76 times
  • The average score is 4 of 10

Answer Stats

Wikipedia DescriptionCity% Correct
the capital of the Indian state of Tripura and is the second largest city and municipal body in northeastern India after Guwahati. The city is the seat of the Government of Tripura. ______ is one of the fastest developing cities of IndiaAgartala
100%
a city in northwestern India... located in the Majha region of the Indian state of Punjab... ______ is home to the Harmandir Sahib, popularly known as "the Golden Temple," one of Sikhism's most spiritually significant and most-visited gurudwarasAmritsar
100%
the capital of the Indian state of Tamil Nadu. Located on the Coromandel Coast off the Bay of Bengal, it is the biggest cultural, economic and educational centre of south IndiaChennai
100%
a major coastal city and financial centre in southeastern Bangladesh... the metropolitan area had a population of 4,009,423 in 2011, making it the second-largest city in the countryChittagong
100%
a city, fishing port, tourism centre and district headquarters in southeastern Bangladesh. The beach in ______ is sandy and has a gentle slope and with an unbroken length of 120 km (75 mi) it is often termed the "longest natural unbroken sea beach" in the worldCox's Bazar
100%
a city and a union territory of India containing New ______, the capital of IndiaDelhi
100%
the capital and the largest town of the Indian state of Sikkim... ______ rose to prominence as a popular Buddhist pilgrimage site after the construction of the Enchey Monastery... In the early 20th century, ______ became a major stopover on the trade route between Lhasa in Tibet and cities such as Kolkata (then Calcutta) in British IndiaGangtok
100%
a tier 2 city in the state of Madhya Pradesh, India... It is known for the Dhuandhar Falls and the white marble rocks at Bhedaghat. It is generally accepted that the game of Snooker originated hereJabalpur
100%
the capital city of the Northern Province of Sri Lanka... Prior to the Sri Lankan Civil War, it was Sri Lanka's second most populous city after ColomboJaffna
100%
the capital and the largest city of the Indian state of Rajasthan... ______ is also known as the Pink City, due to the dominant color scheme of its buildingsJaipur
100%
nicknamed "The Golden city", is a city in the Indian state of Rajasthan, located 575 kilometres (357 mi) west of the state capital Jaipur. The town stands on a ridge of yellowish sandstone, and is crowned by the ancient ______ FortJaisalmer
100%
the winter capital and the largest city in ______ district of the Indian state of ______ and KashmirJammu
100%
the capital and largest city of Afghanistan, located in the eastern section of the countryKabul
100%
a major port city on the south-west coast of India bordering the Laccadive Sea. It is part of the district of Ernakulam in the state of Kerala and is often referred to as ErnakulamKochi
100%
the capital of the Indian state of West Bengal... the suburb population brought the total to 14.1 million, making it the third-most populous metropolitan area in IndiaKolkata
100%
the capital of the Pakistani province of Punjab. ______ is the country's second-most populous city and is one of Pakistan's wealthiest citiesLahore
100%
the chief port city of the Indian state of Karnataka.... the second major city in Karnataka state in all aspects after the capital city Bangalore... It is known as the Gateway of KarnatakaMangaluru
100%
a city in Punjab, Pakistan. Located on the banks of the Chenab River, ______ is Pakistan's 7th largest city, and is the major cultural and economic centre of southern PunjabMultan
100%
the most populous city in India according to 2011 Indian census and a Megacity with an population of 12.4 million... is the most densely populated Megacity in the worldMumbai
100%
a city in the southern part of the state of Karnataka... It served as the capital city of the Kingdom of ______ for nearly six centuries from 1399 until 1956Mysuru
100%
an ancient holy city in the northern region of the Indian state of Maharashtra. Situated on the banks of river Godavari, ______ is well known for being one of Hindu pilgrimage sites, that of Kumbh Mela which is held every 12 yearsNashik
100%
a historic town with many sacred sites and historical buildings scattered throughout the area. It is also home to ______ Airport, Bhutan's sole international airportParo
100%
the capital of the Pakistani province of Khyber PakhtunkhwaPeshawar
100%
the capital city of the Indian state of Chhattisgarh. It is also the largest city of the state. It was formerly a part of Madhya Pradesh before the state of Chhattisgarh was formed on 1 November 2000Raipur
100%
the capital and largest city of Bhutan. It is situated in the western central part of Bhutan, and the surrounding valley is one of Bhutan's dzongkhags, the ______ District. The ancient capital city of Punakha was replaced as capital by ______ in 1955Thimphu
100%
the fifth largest urban agglomeration in Tamil Nadu. Located on the banks of Noyyal River, it has been ruled at different times, by the Early Pandyas, Medieval Cholas, Later Cholas, Mysore Kingdom and the British... ______ is a major textile and knit wear hub contributing to 90% of total cotton knit wear exports from IndiaTiruppur
100%
the third-largest city in the Indian state of Gujarat, after Ahmedabad and Surat... is located on the banks of the Vishwamitri river, 141 kilometres (88 mi) from the state capital GandhinagarVadodara
100%
a city on the banks of the river Ganga in Uttar Pradesh... A major religious hub in India, it is the holiest of the seven sacred cities (Sapta Puri) in Hinduism and Jainism, and played an important role in the development of Buddhism and RavidassiaVaranasi
100%
the capital city of the Andaman and Nicobar Islands, a union territory of India situated in the Bay of Bengal and separated by it by over 1188 km from the closest point in the Mainland IndiaPort Blair
75%
also known as Calicut, is a city in Kerala... is the second largest urban agglomeration in Kerala.... During classical antiquity and the Middle Ages, ______ was dubbed the City of Spices for its role as the major trading point of Indian spicesKozhikode
67%
the second largest city in the Indian state of Maharashtra, after Mumbai... In the 18th century, the city was the seat of the Peshwas, the prime ministers of the Maratha Empire and so was one of the most important political centres on the Indian subcontinentPune
67%
a city located in the Punjab province of Pakistan... Founded in 1748, ______ was the capital of the former princely state of ______, ruled by the Abbasi family of Nawabs until 1955. The Nawabs left a rich architectural legacy, and ______ is now known for its monuments dating from that periodBahawalpur
50%
the capital of the Indian state of Karnataka. It has a population of over ten million, making it a megacity and the third-most populous city and fifth-most populous urban agglomeration in IndiaBengaluru
50%
a major city in the Indian state of Tamil Nadu. It is located on the banks of the Noyyal River and surrounded by the Western Ghats. ______ is the second largest city in Tamil Nadu after ChennaiCoimbatore
50%
a port city on the southwestern coast of Balochistan, Pakistan. The city is located on the shores of the Arabian Sea opposite OmanGwadar
50%
a city located in the Sindh province of Pakistan. Located 140 kilometres east of Karachi, ______ is the 2nd largest in Sindh province by population, and the 8th largest city in PakistanHyderabad
50%
the most populous and the largest city in the Indian state of Madhya Pradesh... It is also considered as an education hub of the state and has campuses of both the Indian Institute of Technology and the Indian Institute of ManagementIndore
50%
the capital of the Pakistani province of Sindh. It is the most populous city in Pakistan, and fifth-most-populous city proper in the worldKarachi
50%
the third most populous city of Rajasthan after Jaipur and Jodhpur... ______ is a major coaching hub of the country for competitive examination preparations and has a number of engineering and medical coaching institutesKota
50%
the third largest city and the winter capital of the Indian state of Maharashtra... It is a major commercial and political centre of the Vidarbha region of Maharashtra. In addition, the city derives unique importance from being the headquarters for the Hindu nationalist organisation RSS and an important location for the Dalit Buddhist movementNagpur
50%
adjacent to Pakistan's capital of Islamabad, and the two are jointly known as the "twin cities" on account of strong social and economic links between the citiesRawalpindi
50%
a major tourist destination because of its many Mughal-era buildings, most notably the Tāj Mahal, ______ Fort and Fatehpūr Sikrī, all of which are UNESCO World Heritage SitesAgra
0%
the largest city and former capital of the Indian state of GujaratAhmedabad
0%
a metropolitan city in the Indian state of West Bengal. It is the second largest and most populated city of West Bengal. It is the district headquarters of Paschim Bardhaman districtAsansol
0%
a city in the Indian state of Maharashtra... a major production center of cotton textile and artistic silk fabrics. Several prominent educational institutions, including Marathwada University, are located in the city. The city is also a popular tourism hub, with tourist destinations like the Ajanta and Ellora caves... as UNESCO World Heritage Sites... Another tourist destination is the Bibi Ka Maqbara ("Tomb of the Lady"), also known as Dakkhanī Tāj or the "Taj Mahal of the Deccan"Aurangabad
0%
the eighth largest metropolis in Uttar Pradesh... The city is also known by the name Nath Nagri (for the seven Shiva temples...) and historically as Sanjashya (where the Buddha descended from Tushita to earth). The city is a centre for furniture manufacturing and trade in cotton, cereal and sugarBareilly
0%
a city in the district of Durg, Chhattisgarh, in eastern central India. With an urban population of 1,064,222 ______-Durg is the second largest urban area after Raipur in the Indian state of Chhattisgarh. ______ is a major industrial city in India as well as education hub of central IndiaBhilai
0%
the capital city of the Indian state of Madhya Pradesh... is known as the City of Lakes for its various natural and artificial lakes and is also one of the greenest cities in IndiaBhopal
0%
the capital and largest city of the Indian state of Odisha. It is a centre of economic, educational and cultural importance of East IndiaBhubaneswar
0%
a city and a union territory in India that serves as the capital of the two neighbouring states of Punjab and HaryanaChandigarh
0%
the commercial capital and largest city of Sri Lanka by populationColombo
0%
a city and a municipality in the Indian state of West Bengal. It is located in the Lesser Himalayas at an elevation of 6,700 ft (2,042.2 m). It is noted for its tea industry, its views of Kangchenjunga, the world's third-highest mountain, and the ______ Himalayan Railway, a UNESCO World Heritage SiteDarjeeling
0%
the capital and largest city of Bangladesh. It is one of the largest and most densely populated cities in the worldDhaka
0%
the second most populated city in Jharkhand... ______ has some of the largest coal mines in India and is called Coal Capital of IndiaDhanbad
0%
the district headquarters of Kangra district in India. It was formerly known as Bhagsu. The Dalai Lama's residence and the headquarters of the Central Tibetan Administration (the Tibetan government in exile) are in ______Dharamshala
0%
formerly known as Lyallpur, is the third-most-populous city in Pakistan, and the second-largest in the eastern province of PunjabFaisalabad
0%
a major city in Sri Lanka, situated on the southwestern tip... is the administrative capital of Southern ProvinceGalle
0%
of historical significance and is one of the major tourist attractions of the state of Bihar... It is the state's second-largest city. Gaya is sanctified in the Jain, Hindu, and Buddhist religions.... It is the place where Rama, with Sita and Lakshmana, came to offer pind-daan for their father, Dasharath, and continues to be a major Hindu pilgrimage site for the pind-daan ritual. Bodh ______, where Buddha is said to have attained enlightenment, and is one of the four holy sites of BuddhismGaya
0%
a city in Punjab, Pakistan, that is located north of the nearby provincial capital of LahoreGujranwala
0%
the largest city in the Indian state of Assam and also the largest metropolis in the Northeast IndiaGuwahati
0%
a major city in the central Indian state of Madhya Pradesh and one of the Counter-magnet cities... ______ occupies a strategic location in the Gird region of India. The city and its fortress have been ruled by several historic northern Indian kingdomsGwalior
0%
the third-largest city of Afghanistan... ______ dates back to Avestan times and was traditionally known for its wineHerat
0%
the capital and largest city of the Indian state of Telangana and de jure capital of Andhra PradeshHyderabad
0%
the capital city of the Indian state of Manipur. Ruins of the Palace of Kangla, the royal seat of the erstwhile Kingdom of Manipur, are in the city metropolitan centre, surrounded by a moatImphal
0%
the capital city of Pakistan, and is federally administered as part of the ______ Capital TerritoryIslamabad
0%
the most populous urban agglomeration in the Indian state of Jharkhand. It is named after Tata Group founder Jamsetji TataJamshedpur
0%
the second-largest city in the Indian state of Rajasthan and officially the second metropolitan city of the state. It was formerly the seat of a princely state of the same nameJodhpur
0%
the second-largest city in Afghanistan, with a population of about 557,118Kandahar
0%
a major city in Sri Lanka located in the Central Province. It was the last capital of the ancient kings' era of Sri LankaKandy
0%
a city... in... state of Kerala, India... situated 518 km north of the state capital Thiruvananthapuram. During British rule in India, ______ was known as Cannanore, a name that is still in use by the Indian Railways. ______ is the largest city of North Malabar regionKannur
0%
(formerly Cawnpore) is a large city in the state of Uttar Pradesh, India. The city is famous for its leather and textile industriesKanpur
0%
the capital and largest city of Nepal, with a population of around one million. ______ is also the largest metropolis in the hilly regionKathmandu
0%
the third-largest city of Bangladesh...is an old river port located on the Rupsha and Bhoirob river. It is an important hub of Bangladeshi industry and hosts many national companiesKhulna
0%
an old seaport and city on the Laccadive Sea coast of the Indian state of Kerala. The city is on the banks Ashtamudi Lake. ______ has a strong commercial reputation since the days of the Phoenicians and RomansKollam
0%
the capital city of the Indian state of Uttar Pradesh,... has always been a multicultural city that flourished as a North Indian cultural and artistic hub, and the seat of power of Nawabs in the 18th and 19th centuriesLucknow
0%
Punjab's largest city and India's largest city north of DelhiLudhiana
0%
a major city in the Indian state of Tamil Nadu. It is the cultural capital of Tamil Nadu... the third largest city in Tamil Nadu... Located on the banks of River Vaigai, ______ has been a major settlement for two millenniaMadurai
0%
the capital and most populous city in the Republic of Maldives. With a population of 133,412 and an area of 9.27 square kilometres (3.58 sq mi), it is also one of the most densely populated cities in the worldMalé
0%
a city in the Indian state of Uttar Pradesh. It is an ancient city, with settlements dating back to the Indus Valley civilisation having been found in and around the area... The city is one of the largest producers of sports goods, and the largest producer of musical instruments in India. The city is also an education hub in western Uttar Pradesh, and also known as the "Sports City Of India"Meerut
0%
the capital of the Indian state of Goa and the headquarters of North Goa districtPanaji
0%
the capital and largest city of the state of Bihar in India. ______ is the second-largest city in Eastern India after KolkataPatna
0%
a metropolitan city in Nepal, which serves as the capital of Gandaki Pradesh. It is the country's second largest city in terms of population and the largest in terms of area. The city also serves as the headquarters of Kaski DistrictPokhara
0%
Allahabad, officially known as ______, ... is a city in the Indian state of Uttar Pradesh... The city is the judicial capital of Uttar Pradesh with Allahabad High CourtPrayagraj
0%
the capital and chief city of the Union Territory of ______... surrounded by the state of Tamil Nadu with which it shares most of its culture and languagePuducherry
0%
formerly known as Shalkot, is the provincial capital and largest city of Balochistan, PakistanQuetta
0%
the fourth-largest city in the state of Gujarat, India, after Ahmedabad, Surat and Vadodara and is in the centre of the Saurashtra region of GujaratRajkot
0%
the capital of the Indian state of Jharkhand. ______ was the centre of the Jharkhand movement, which called for a separate state for the tribal regions of South Bihar, northern Orissa, western West Bengal and the eastern area of what is present-day ChhattisgarhRanchi
0%
Located in the foothills of the Himalayas in northern India, it is known as the "Gateway to the Garhwal Himalayas" and "Yoga Capital of the World"Rishikesh
0%
a hill station in the northeastern part of India and the capital of Meghalaya, which means "The Abode of Clouds"Shillong
0%
the capital and the largest city of the Indian state of Himachal Pradesh... In 1864, ______ was declared as the summer capital of British IndiaShimla
0%
the largest city and the summer capital of the Indian state of Jammu and KashmirSrinagar
0%
a city in the Indian state of Gujarat. It used to be a large seaport and is now a centre for diamond cutting and polishingSurat
0%
a metropolitan city in northeastern Bangladesh... ______ is one of Bangladesh's most important spiritual and cultural centres. It is one of the most important cities of Bangladesh, after Dhaka and Chittagong due to its importance to the country's economySylhet
0%
a town in the Indian state of Arunachal Pradesh, situated at an elevation of approximately 3,048 metres (10,000 ft) to the east of Bhutan... The area is part of the wider dispute between India and China concerning Arunachal Pradesh and is claimed by China as a part of TibetTawang
0%
the capital of the Indian state of Kerala. It is the most populous city in Kerala... Located on the west coast of India near the extreme south of the mainland, ______ is a major Information Technology hub in Kerala and contributes 55% of the state's software exports as of 2016Thiruvananthapuram
0%
the third largest urban agglomeration in Kerala after Kochi and Kozhikode... is also known as the "cultural capital of Kerala" because of its cultural, spiritual and religious leanings throughout history...Thrissur
0%
a major tier II city in the Indian state of Tamil Nadu... The most prominent historical monuments... include the Rockfort, the Ranganathaswamy temple at Srirangam and the Jambukeswarar temple at Thiruvanaikaval... The city is an important educational centre... The presence of a large number of energy equipment manufacturing units in and around the city has earned it the title of "Energy Equipment and Fabrication Capital of India"Tiruchirappalli
0%
also known as the "City of Lakes"... It is the historic capital of the kingdom of Mewar in the former Rajputana AgencyUdaipur
0%
a city on the banks of Krishna River, in Krishna district of the Indian state of Andhra Pradesh... The city is the second largest city in the state by population and third most densely populated urban built-up areas in the world... ______ is often referred as the Commercial capital of Andhra PradeshVijayawada
0%
the largest city and the financial capital of the Indian state of Andhra Pradesh. The city is the administrative headquarters of ______ district and state headquarters of Indian Coast GuardVisakhapatnam
0%

Score Distribution

Percentile by Number Answered

Percent of People with Each Score

Your Score History

You have not taken this quiz